00357nam a2200145Ia 4500008004100000041001200041082001100053100002200064245004500086250000900131260001600140650000800156700002100164700002600185221030s9999 xx 000 0 und d aEnglish a105.23 aAshok Mahajan/206 0aPC TP PC Optical Space Communication a2002 aJammuc2002 aECE aShipra Gupta/266 aShit Anshu Sharma/308